ARRUPE JESUIT UNIVERSITY

CORONAVIRUS -STOP THE SPREAD - CLEAN,DISINFECT,COVER

Choices at the heart of technology : (Record no. 118894)

MARC details
000 -LEADER
fixed length control field 01173cam a22003014a 4500
001 - CONTROL NUMBER
control field 11770062
003 - CONTROL NUMBER IDENTIFIER
control field ARRUPE
005 - DATE AND TIME OF LATEST TRANSACTION
control field 20131202145500.0
008 - FIXED-LENGTH DATA ELEMENTS--GENERAL INFORMATION
fixed length control field 990809s1999 pau b 000 0 eng
010 ## - LIBRARY OF CONGRESS CONTROL NUMBER
LC control number 99045070
020 ## - INTERNATIONAL STANDARD BOOK NUMBER
International Standard Book Number 1563382873
035 ## - SYSTEM CONTROL NUMBER
System control number (DLC) 99045070
040 ## - CATALOGING SOURCE
Original cataloging agency DLC
Transcribing agency DLC
Modifying agency DLC
042 ## - AUTHENTICATION CODE
Authentication code pcc
050 00 - LIBRARY OF CONGRESS CALL NUMBER
Classification number BR115.T42
Item number C66 1999
082 00 - DEWEY DECIMAL CLASSIFICATION NUMBER
Classification number 261.5/6
Edition number 21
300 ## - PHYSICAL DESCRIPTION
Dimensions 19 cm.
100 1# - MAIN ENTRY--PERSONAL NAME
Personal name Conway, Ruth.
9 (RLIN) 4572
245 10 - TITLE STATEMENT
Title Choices at the heart of technology :
Remainder of title a Christian perspective /
Statement of responsibility, etc Ruth Conway.
260 ## - PUBLICATION, DISTRIBUTION, ETC. (IMPRINT)
Place of publication, distribution, etc Harrisburg, Pa. :
Name of publisher, distributor, etc Trinity Press International,
Date of publication, distribution, etc c1999.
300 ## - PHYSICAL DESCRIPTION
Extent xii, 125 p. ;
440 #0 - SERIES STATEMENT/ADDED ENTRY--TITLE
Title Christian mission and modern culture
9 (RLIN) 4573
504 ## - BIBLIOGRAPHY, ETC. NOTE
Bibliography, etc Includes bibliographical references (p. 119-125).
650 #0 - SUBJECT ADDED ENTRY--TOPICAL TERM
Topical term or geographic name as entry element Technology
General subdivision Religious aspects
-- Christianity.
9 (RLIN) 4574
856 42 - ELECTRONIC LOCATION AND ACCESS
Materials specified Contributor biographical information
Uniform Resource Identifier <a href="http://www.loc.gov/catdir/enhancements/fy1117/99045070-b.html">http://www.loc.gov/catdir/enhancements/fy1117/99045070-b.html</a>
906 ## - LOCAL DATA ELEMENT F, LDF (RLIN)
a 7
b cbc
c orignew
d 1
e ocip
f 19
g y-gencatlg
942 ## - ADDED ENTRY ELEMENTS (KOHA)
Source of classification or shelving scheme Library of Congress Classification
Koha item type Monograph ( Printed materials)
Holdings
Withdrawn status Lost status Source of classification or shelving scheme Damaged status Not for loan Home library Current library Shelving location Date acquired Total Checkouts Full call number Barcode Date last seen Price effective from Koha item type
    Library of Congress Classification     ARRUPE LIBRARY ARRUPE LIBRARY Main Collection 02/12/2013   BR115.T42 C66 1999 464123276 15/11/2016 02/12/2013 Monograph ( Printed materials)

 

Arrupe Library. PO Box MP320 Mt Pleasant, Harare, Zimbabwe
263 242 745411|librarian@aju.ac.zw